|
|
|
|
| LEADER |
00000nas a2200000 a 4500 |
| 001 |
ssj0000314759 |
| 003 |
WaSeSS |
| 005 |
20200512172242.0 |
| 006 |
m d |
| 007 |
cr n |
| 008 |
060306c20069999vaufr p s 0 a0eng c |
| 010 |
|
|
|a 2006213613
|
| 016 |
7 |
|
|a 101274237
|2 DNLM
|
| 022 |
|
|
|l 1930-4595
|y 1930-4595
|
| 035 |
|
|
|a (WaSeSS)ssj0000314759
|
| 037 |
|
|
|b International Council for Health, Physical Education, Recreation, Sport, and Dance, 1900 Association Dr., Reston, VA 22091
|
| 040 |
|
|
|a NSD
|b eng
|c NSD
|d IXA
|d IUL
|d DLC
|d OCLCQ
|d U3Q
|d NLM
|d NYG
|d IUL
|d DLC
|d OCLCQ
|d CUS
|d OCLCQ
|d OCLCF
|d IUL
|d CUS
|d EUW
|d OCLCO
|d OCLCQ
|d OCLCO
|d WaSeSS
|
| 042 |
|
|
|a pcc
|a nsdp
|
| 050 |
0 |
0 |
|a GV201
|b .I24
|
| 060 |
0 |
0 |
|a W1
|b IC4076
|
| 082 |
1 |
0 |
|a 796
|2 14
|
| 222 |
|
4 |
|a The ICHPER-SD journal of research in health, physical education, recreation, sport & dance
|
| 245 |
0 |
4 |
|a The ICHPER-SD journal of research in health, physical education, recreation, sport & dance
|h [electronic resource] :
|b the official journal of the International Council for Health, Physical Education, Recreation, Sport and Dance /
|c ICHPER-SD.
|
| 246 |
3 |
0 |
|a ICHPER-SD journal of research
|
| 246 |
3 |
|
|a International Council for Health, Physical Education, Recreation, Sport, and Dance journal of research in health, physical education, recreation, sport and dance
|
| 260 |
|
|
|a Reston, Va. :
|b International Council for Health, Physical Education, Recreation, Sport, and Dance,
|c ©2006-
|
| 310 |
|
|
|a Semiannual
|
| 362 |
0 |
|
|a Vol. 1, no. 1 (spring & summer 2006)-
|
| 500 |
|
|
|a Title from cover.
|
| 506 |
|
|
|a License restrictions may limit access.
|
| 580 |
|
|
|a Not to be confused with a different publication by the same publisher: ICHPER-SD journal, with ISSN 1091-2193.
|
| 588 |
|
|
|a Latest issue consulted: Vol. 3, no. 2 (fall & winter 2008).
|
| 650 |
|
0 |
|a Physical education and training
|v Periodicals.
|
| 650 |
|
0 |
|a Health education
|v Periodicals.
|
| 650 |
|
0 |
|a Recreation
|v Periodicals.
|
| 650 |
|
0 |
|a Sports
|v Periodicals.
|
| 650 |
|
0 |
|a Dance
|v Periodicals.
|
| 650 |
1 |
2 |
|a Dance Therapy.
|
| 650 |
1 |
2 |
|a Health Education.
|
| 650 |
1 |
2 |
|a Physical Education and Training.
|
| 650 |
2 |
2 |
|a Recreation.
|
| 650 |
2 |
2 |
|a Sports.
|
| 650 |
|
6 |
|a Éducation physique
|v Périodiques.
|
| 650 |
|
6 |
|a Loisirs
|v Périodiques.
|
| 650 |
|
6 |
|a Sports
|v Périodiques.
|
| 650 |
|
6 |
|a Danse
|v Périodiques.
|
| 650 |
|
7 |
|a Dance.
|2 fast
|0 (OCoLC)fst00887402
|
| 650 |
|
7 |
|a Health education.
|2 fast
|0 (OCoLC)fst00952878
|
| 650 |
|
7 |
|a Physical education and training.
|2 fast
|0 (OCoLC)fst01062401
|
| 650 |
|
7 |
|a Recreation.
|2 fast
|0 (OCoLC)fst01091713
|
| 650 |
|
7 |
|a Sports.
|2 fast
|0 (OCoLC)fst01130432
|
| 655 |
|
0 |
|a Electronic journals.
|
| 710 |
2 |
|
|a International Council for Health, Physical Education, Recreation, Sport and Dance.
|
| 787 |
1 |
|
|t ICHPER-SD journal
|x 1091-2193
|w (DLC) 96649913
|w (OCoLC)29986547
|
| 850 |
|
|
|a DLC
|
| 853 |
2 |
0 |
|8 1
|a v.
|b no.
|u 2
|v r
|i (year)
|j (season)
|w f
|x 21
|
| 856 |
4 |
0 |
|z Full text available from Research Library: 04/01/2006 to 12/31/2013
|u https://search.proquest.com/publication/276233
|
| 856 |
4 |
0 |
|z Full text available from Research Library: 01/01/2017 to present
|u https://search.proquest.com/publication/276233
|
| 863 |
4 |
1 |
|8 1.1
|a 1
|b 1
|i 2006
|j 21
|